[Event "Moscow op-E"]
[Site "Moscow"]
[Date "2011.02.01"]
[Round "4.177"]
[White "Gulgonov, Danzan"]
[Black "Martynov, Vladimir"]
[Result "1/2-1/2"]
[WhiteElo "1927"]
[BlackElo "2163"]
[PlyCount "100"]
[EventDate "2011.01.29"]
[EventType "swiss"]
[EventRounds "9"]
[EventCountry "RUS"]
[SourceTitle "EXT 2022"]
[Source "ChessBase"]
[SourceDate "2021.10.06"]
[SourceVersion "1"]
[SourceVersionDate "2021.10.06"]
[SourceQuality "1"]

1. e4 e5 2. Nc3 Nc6 3. g3 g6 4. Bg2 Bg7 5. d3 Nge7 6. Nge2 Nd4 7. Nxd4 exd4 8. Ne2 d6 9. 0-0 Bg4 10. h3 Bd7 11. f4 Qc8 12. Kh2 f5 13. Bd2 h5 14. h4 0-0 15. c3 dxc3 16. Bxc3 Bxc3 17. Nxc3 c6 18. Qc2 Be6 19. Rfe1 Qd7 20. Rad1 Rae8 21. b3 d5 22. Bh3 b6 23. Ne2 d4 24. Ng1 c5 25. Nf3 Kg7 26. Re2 Nc6 27. Rde1 fxe4 28. Bxe6 Rxe6 29. Ng5 Re7 30. Rxe4 Rfe8 31. a3 Rxe4 32. Rxe4 Rxe4 33. Nxe4 Qd5 34. Qd1 a5 35. Qc2 Ne7 36. b4 Nf5 37. bxa5 Ne3 38. Qb2 bxa5 39. Kh3 c4 40. Qb6 cxd3 41. Qf6+ Kg8 42. Qxg6+ Kf8 43. Qh6+ Ke7 44. Qg7+ Kd8 45. Qf6+ Kc7 46. Qe7+ Kc6 47. a4 d2 48. Qf6+ Kb7 49. Qe7+ Kb8 50. Qe8+ Kb7 1/2-1/2

[Event "Moscow op-E"]
[Site "Moscow"]
[Date "2011.01.30"]
[Round "2.168"]
[White "Pankov, Gennady"]
[Black "Martynov, Vladimir"]
[Result "0-1"]
[WhiteElo "1896"]
[BlackElo "2163"]
[PlyCount "100"]
[EventDate "2011.01.29"]
[EventType "swiss"]
[EventRounds "9"]
[EventCountry "RUS"]
[SourceTitle "EXT 2022"]
[Source "ChessBase"]
[SourceDate "2021.10.06"]
[SourceVersion "1"]
[SourceVersionDate "2021.10.06"]
[SourceQuality "1"]

1. e4 e5 2. Nf3 Nc6 3. Bb5 a6 4. Ba4 Nf6 5. 0-0 Be7 6. Re1 b5 7. Bb3 0-0 8. Bd5 Nxd5 9. exd5 Nb4 10. Nxe5 Nxd5 11. d4 f6 12. Nd3 Re8 13. c3 Bf8 14. Nd2 Rxe1+ 15. Qxe1 Bb7 16. Ne4 Qe8 17. Ng3 Qxe1+ 18. Nxe1 Re8 19. Bd2 g6 20. f3 f5 21. Kf2 c5 22. Nd3 cxd4 23. cxd4 Bg7 24. Ne2 Rc8 25. Rc1 Rxc1 26. Bxc1 b4 27. Nc5 Bc8 28. Nb3 Kf7 29. Nf4 Nxf4 30. Bxf4 Ke6 31. Ke3 Kd5 32. Kd3 a5 33. Nxa5 Ba6+ 34. Kd2 Bxd4 35. a3 bxa3 36. bxa3 Bc5 37. Kc3 Bxa3 38. Nb3 Be7 39. Be3 Bf1 40. g3 Be2 41. f4 Bc4 42. Nd2 Bf6+ 43. Kc2 Bd4 44. Bxd4 Kxd4 45. Kd1 d5 46. Ke1 Ke3 47. Nb1 h5 48. Nd2 Bd3 49. Nb3 h4 50. gxh4 Kxf4 0-1

[Event "Moscow op-E"]
[Site "Moscow"]
[Date "2011.01.29"]
[Round "1.208"]
[White "Martynov, Vladimir"]
[Black "Tsydypov, Zhamsaran"]
[Result "0-1"]
[WhiteElo "2163"]
[BlackElo "2105"]
[PlyCount "61"]
[EventDate "2011.01.29"]
[EventType "swiss"]
[EventRounds "9"]
[EventCountry "RUS"]
[SourceTitle "EXT 2022"]
[Source "ChessBase"]
[SourceDate "2021.10.06"]
[SourceVersion "1"]
[SourceVersionDate "2021.10.06"]
[SourceQuality "1"]

1. e4 c5 2. Nf3 d6 3. d4 cxd4 4. Nxd4 Nf6 5. Nc3 a6 6. g3 g6 7. Bg2 Bg7 8. 0-0 0-0 9. a4 Bd7 10. a5 Nc6 11. Nb3 Rc8 12. Be3 Be6 13. Nd5 Ng4 14. Bb6 Qd7 15. c3 Nce5 16. f4 Nc4 17. Qe2 Nf6 18. Bd4 Bxd5 19. exd5 Qb5 20. Qc2 Nxd5 21. Rfe1 e5 22. Bf2 exf4 23. Nd4 Nde3 24. Qe4 Qxb2 25. Qxb7 Qxc3 26. Ne2 Qd2 27. Nxf4 Bxa1 28. Rxa1 Nxa5 29. Be1 Nxb7 30. Bxd2 Nxg2 31. Nxg2 0-1

[Event "RSSU-18 op"]
[Site "Moscow"]
[Date "2009.10.27"]
[Round "7"]
[White "Pak, Alexander"]
[Black "Martynov, Vladimir"]
[Result "0-1"]
[WhiteElo "1963"]
[BlackElo "2201"]
[PlyCount "114"]
[EventDate "2009.10.17"]
[EventType "swiss"]
[EventRounds "9"]
[EventCountry "RUS"]
[SourceTitle "EXT 2022"]
[Source "ChessBase"]
[SourceDate "2021.10.06"]
[SourceVersion "1"]
[SourceVersionDate "2021.10.06"]
[SourceQuality "1"]

1. e4 g6 2. d4 Bg7 3. Nc3 d6 4. f4 Nd7 5. Nf3 c6 6. Be3 Ngf6 7. Bd3 Ng4 8. Bd2 e5 9. h3 Nh6 10. fxe5 dxe5 11. d5 f6 12. Qe2 c5 13. 0-0-0 Nf7 14. h4 Nd6 15. Nb5 Nxb5 16. Bxb5 a6 17. Bxd7+ Qxd7 18. h5 g5 19. h6 Bf8 20. Bxg5 Qd6 21. Be3 Bg4 22. Qf2 0-0-0 23. Rd3 Kb8 24. Nd2 b5 25. a4 Rd7 26. axb5 axb5 27. Rb3 Rb7 28. Bxc5 Qxc5 29. Qxf6 Rg8 30. Qd8+ Qc8 31. Qa5 Qc7 32. Rxb5 Qxa5 33. Rxa5 Rg6 34. Nc4 Bxh6+ 35. Rxh6 Rxh6 36. Nxe5 Rh1+ 37. Kd2 Rg1 38. Nxg4 Rxg2+ 39. Kd3 Rxg4 40. b3 Rb4 41. e5 Rg3+ 42. Kd2 Rd4+ 43. Kc1 Rg5 44. e6 Re5 45. c4 Re2 46. d6 Rxd6 47. Rh5 Ra6 48. Kb1 Raxe6 49. Rxh7 Rg6 50. Rh1 Rg3 51. b4 Rb3+ 52. Kc1 Rxb4 53. Rh4 Rg2 54. Rd4 Kc7 55. Rf4 Kc6 56. Re4 Kc5 57. Re1 Kxc4 0-1

[Event "RSSU-18 op"]
[Site "Moscow"]
[Date "2009.10.25"]
[Round "6"]
[White "Martynov, Vladimir"]
[Black "Yudkevich, Mikhail"]
[Result "0-1"]
[WhiteElo "2201"]
[BlackElo "2139"]
[PlyCount "66"]
[EventDate "2009.10.17"]
[EventType "swiss"]
[EventRounds "9"]
[EventCountry "RUS"]
[SourceTitle "EXT 2022"]
[Source "ChessBase"]
[SourceDate "2021.10.06"]
[SourceVersion "1"]
[SourceVersionDate "2021.10.06"]
[SourceQuality "1"]

1. e4 e5 2. Nf3 Nc6 3. Nc3 Nf6 4. d4 exd4 5. Nd5 Nxe4 6. Qe2 f5 7. Bg5 Ne7 8. Nxd4 Nxg5 9. Nb5 Ne6 10. Ndxc7+ Kf7 11. Nd6+ Kg8 12. Nxa8 Nd5 13. 0-0-0 Bxd6 14. Rxd5 Be7 15. Rxf5 g6 16. Re5 Bf6 17. Re4 Kg7 18. h4 Nc5 19. Re3 d5 20. f4 h5 21. Re5 Ne4 22. Qe3 Bf5 23. g4 d4 24. Qe1 Bxe5 25. fxe5 hxg4 26. Bd3 Re8 27. Rf1 Rxe5 28. Rf4 Qe7 29. Bxe4 Bxe4 30. Qg1 Bf5 31. Qxd4 Kh7 32. Qf2 Re2 33. Qxa7 Rxc2+ 0-1

[Event "RUS-ch Seniors"]
[Site "Lesnoj Gorodok"]
[Date "2009.10.11"]
[Round "9"]
[White "Pestov, Vladimir"]
[Black "Martynov, Vladimir"]
[Result "0-1"]
[WhiteElo "2124"]
[BlackElo "2206"]
[PlyCount "76"]
[EventDate "2009.10.03"]
[EventType "swiss"]
[EventRounds "9"]
[EventCountry "RUS"]
[SourceTitle "CBM 132 Extra"]
[Source "ChessBase"]
[SourceDate "2009.11.03"]
[SourceVersion "1"]
[SourceVersionDate "2009.11.03"]
[SourceQuality "1"]

1. Nf3 g6 2. d4 Bg7 3. Bg5 d6 4. Nc3 c6 5. e4 Qb6 6. Rb1 a5 7. Be2 a4 8. 0-0 Nd7 9. Be3 Qa5 10. Qd2 Ngf6 11. h3 0-0 12. Nh2 Ne8 13. f4 b5 14. e5 Nb6 15. b3 Bd7 16. Rf2 f5 17. exf6 Nxf6 18. Rb2 b4 19. Nd1 Ne4 20. Qe1 Nxf2 21. Nxf2 Nd5 22. Bc4 Kh8 23. Bxd5 cxd5 24. Nd3 Rab8 25. Nf3 axb3 26. axb3 Bf5 27. Qd2 Be4 28. Ng5 Bf6 29. Ne6 Rfc8 30. g4 Kg8 31. f5 gxf5 32. gxf5 Kh8 33. Kh2 Rg8 34. Bg5 Bxg5 35. Nxg5 Rbf8 36. f6 Rxf6 37. Nxe4 dxe4 38. Qxb4 Qg5 0-1

[Event "Moscow op-D (Seniors)"]
[Site "Moscow"]
[Date "2009.02.07"]
[Round "9.35"]
[White "Martynov, Vladimir"]
[Black "Beliaev, Boris"]
[Result "1-0"]
[WhiteElo "2112"]
[BlackElo "2071"]
[PlyCount "81"]
[EventDate "2009.01.30"]
[EventType "swiss"]
[EventRounds "9"]
[EventCountry "RUS"]
[SourceTitle "EXT 2023"]
[Source "ChessBase"]
[SourceDate "2022.10.05"]
[SourceVersion "1"]
[SourceVersionDate "2022.10.05"]
[SourceQuality "1"]

1. e4 c6 2. d4 d6 3. Nc3 Qc7 4. Nf3 e5 5. a4 a5 6. Bc4 Be7 7. dxe5 dxe5 8. Ng5 Bxg5 9. Bxg5 Nd7 10. 0-0 Ngf6 11. Qe2 0-0 12. Rad1 h6 13. Bc1 Nc5 14. b3 Ne6 15. Be3 Qe7 16. f3 Rd8 17. Qf2 Nh5 18. Rxd8+ Nxd8 19. Rd1 Ne6 20. Qd2 g5 21. g3 Qb4 22. Na2 Qxd2 23. Rxd2 Kf8 24. h4 f6 25. g4 Nhg7 26. h5 Ke8 27. Nc3 Bd7 28. Nd1 b5 29. Bf1 bxa4 30. bxa4 c5 31. Nb2 Nd4 32. Kf2 Nge6 33. c3 Nc6 34. Nc4 Rb8 35. Nd6+ Kd8 36. Bb5 Kc7 37. Nf7 Ncd4 38. c4 Nxb5 39. cxb5 Nd4 40. Bxd4 cxd4 41. Nxh6 1-0

[Event "Moscow op-B"]
[Site "Moscow"]
[Date "2009.02.01"]
[Round "3"]
[White "Martynov, Vladimir"]
[Black "Tolmachev, Aleksander"]
[Result "1-0"]
[WhiteElo "2184"]
[BlackElo "2002"]
[PlyCount "87"]
[EventDate "2009.01.31"]
[EventType "swiss"]
[EventRounds "9"]
[EventCountry "RUS"]
[SourceTitle "EXT 2012"]
[Source "ChessBase"]
[SourceDate "2011.11.24"]
[SourceVersion "1"]
[SourceVersionDate "2011.11.24"]
[SourceQuality "1"]

1. e4 Nf6 2. e5 Nd5 3. Nc3 e6 4. Nxd5 exd5 5. f4 d6 6. Nf3 Bf5 7. d4 Be7 8. Bd3 Qd7 9. exd6 cxd6 10. 0-0 0-0 11. c3 Be4 12. Ng5 f5 13. Bxe4 dxe4 14. d5 Bxg5 15. fxg5 Na6 16. b4 Rac8 17. Qd4 b5 18. Be3 Rc4 19. Qd2 Rfc8 20. Bd4 Qf7 21. g4 Qxd5 22. Rxf5 Qe6 23. Qf4 R4c7 24. Rf1 Qe7 25. Rxb5 Nb8 26. Qf5 Nc6 27. Rb7 Rxb7 28. Qxc8+ Nd8 29. Qc4+ Qe6 30. Qe2 Nc6 31. Bf2 Re7 32. b5 Na5 33. Bd4 Nc4 34. h3 d5 35. Bc5 Rf7 36. Rxf7 Kxf7 37. Qf2+ Kg6 38. Qh4 Kf7 39. Qxh7 Nd6 40. g6+ Kf6 41. Bd4+ Kg5 42. Qxg7 Nxb5 43. Be3+ Kh4 44. Kg2 1-0

[Event "RUS-ch Seniors"]
[Site "Odintsovo"]
[Date "2008.10.03"]
[Round "2"]
[White "Ostrovsky, Alexander"]
[Black "Martynov, Vladimir"]
[Result "1/2-1/2"]
[WhiteElo "2376"]
[BlackElo "2134"]
[PlyCount "68"]
[EventDate "2008.10.02"]
[EventType "swiss"]
[EventRounds "9"]
[EventCountry "RUS"]
[SourceTitle "CBM 127 Extra"]
[Source "ChessBase"]
[SourceDate "2009.01.08"]
[SourceVersion "2"]
[SourceVersionDate "2009.01.28"]
[SourceQuality "1"]

1. d4 g6 2. e4 Bg7 3. Nc3 d6 4. Nge2 Nf6 5. g3 c6 6. Bg2 e5 7. h3 Nbd7 8. Be3 Nb6 9. b3 Qc7 10. 0-0 0-0 11. g4 Re8 12. f4 exd4 13. Bxd4 c5 14. Bf2 Bd7 15. Qd2 Bc6 16. Ng3 Rad8 17. g5 Nfd7 18. a4 Nf8 19. a5 Nc8 20. h4 h5 21. gxh6 Bxh6 22. Be3 Bg7 23. h5 d5 24. Bxc5 dxe4 25. Qe3 b6 26. axb6 axb6 27. f5 gxf5 28. Nxf5 bxc5 29. Nxg7 Kxg7 30. Qg5+ Kh8 31. Qf6+ Kh7 32. Qf5+ Kh8 33. Qf6+ Kh7 34. Qf5+ Kh8 1/2-1/2

[Event "Moscow op-B 04th"]
[Site "Moscow"]
[Date "2008.02.05"]
[Round "4"]
[White "Martynov, Vladimir"]
[Black "Ustinov, Alexey"]
[Result "0-1"]
[WhiteElo "2238"]
[BlackElo "1974"]
[PlyCount "77"]
[EventDate "2008.02.02"]
[EventType "swiss"]
[EventRounds "9"]
[EventCountry "RUS"]
[SourceTitle "CBM 122 Extra"]
[Source "ChessBase"]
[SourceDate "2008.03.04"]
[SourceVersion "1"]
[SourceVersionDate "2008.03.04"]
[SourceQuality "1"]

1. e4 c5 2. Nf3 d6 3. d4 cxd4 4. Nxd4 Nf6 5. Nc3 a6 6. a4 e5 7. Nb3 Be7 8. Be2 0-0 9. 0-0 Be6 10. Bf3 Nbd7 11. a5 Qc7 12. Nd5 Nxd5 13. exd5 Bf5 14. c3 Bg6 15. Ra4 f5 16. Bh5 Bxh5 17. Qxh5 b5 18. axb6 Nxb6 19. Ra5 Nc4 20. Ra1 Rfb8 21. Qd1 Rb5 22. Nd2 g6 23. Qe2 Nxd2 24. Qxd2 Qc4 25. Rd1 f4 26. Qd3 Qxd3 27. Rxd3 h5 28. Ra4 Rab8 29. Kf1 Kf8 30. f3 g5 31. g4 Bd8 32. Ke2 Rb3 33. Rc4 Ke8 34. Rc6 Kd7 35. Rxa6 R8b6 36. c4 Rxd3 37. Kxd3 Kc7 38. Bd2 Kb7 39. Ra5 0-1

[Event "RUS-Cup"]
[Site "Moscow"]
[Date "2000.??.??"]
[Round "9"]
[White "Martynov, Vladimir"]
[Black "Okrugin, Sergey"]
[Result "0-1"]
[WhiteElo "2302"]
[BlackElo "2395"]
[PlyCount "104"]
[EventDate "2000.??.??"]
[EventType "swiss"]
[EventRounds "9"]
[EventCountry "RUS"]
[SourceTitle "EXT 2001"]
[Source "ChessBase"]
[SourceDate "2000.11.22"]
[SourceVersion "1"]
[SourceVersionDate "2000.11.22"]
[SourceQuality "1"]

1. e4 c5 2. Nf3 d6 3. d4 cxd4 4. Nxd4 Nf6 5. Nc3 a6 6. Be2 e6 7. 0-0 Be7 8. Be3 Qc7 9. a4 Nc6 10. Nxc6 bxc6 11. a5 0-0 12. Bb6 Qb8 13. Bd3 d5 14. Qe2 Bd6 15. f4 Bxf4 16. g3 Be5 17. Ra4 d4 18. Rxd4 Bxd4+ 19. Bxd4 e5 20. Bc5 Re8 21. Rxf6 gxf6 22. b4 Qc7 23. Nd1 Qd7 24. Nf2 Rd8 25. Qh5 Qe6 26. Kg2 Kh8 27. h3 Rg8 28. Kh2 Bb7 29. Nd1 Rad8 30. Qe2 Bc8 31. Nf2 Rxd3 32. Qxd3 f5 33. c4 fxe4 34. Qxe4 f5 35. Qe2 Re8 36. g4 e4 37. gxf5 Qe5+ 38. Kh1 Bxf5 39. Be3 Qa1+ 40. Kh2 Rg8 41. Nd1 Qe5+ 42. Kh1 Bxh3 43. Qb2 Bg2+ 44. Kg1 Bf3+ 45. Kf1 Qxb2 46. Nxb2 h5 47. b5 cxb5 48. cxb5 axb5 49. a6 h4 50. a7 h3 51. Bf4 Ra8 52. Bb8 Rxa7 0-1